00446nmm a2200133Ia 4500008004100000020001800041041000800059100002300067245005200090264006500142300001800207650003600225856005100261251105s9999||||xx |||||||||||||||||und|| a9781558851177 aeng aSánchez, Rosaura 0aChicano Discourse : Socio-historic Perspectives a[Washington, Estados Unidos] :bArte Público Press, c2017 a192 páginas aOther Literatures and languages uhttps://public.digitaliapublishing.com/a/46170